000 00719nam a22001937a 4500
999 _c169566
_d169566
005 20191122172921.0
010 _aUR-10612
020 _c100.00
_a9789389002768
035 _aU-9167
037 _bDBAD/PUB
_a-
082 _a840.08
100 _aمنا ظر عا شق ہر گا نو ی
245 _aمير تقی مير : بچو ں کے شا عر
_cمنا ظر عا شق ہر گا نو ی
246 _bMeer Taqi Meer:Bachchon Ke Shair (Urdu)
_aby Manazir Ashiq Harganvi
260 _aDelhi
_bEducational Publishing House
_c2019 ء
270 _a3191,Vakil Street, Kucha Pandit,Lal Kuan,
_bDelhi
_e110006
_k01123216162
_l-
300 _a80 ص
_c22 Cm(Hb)
942 _2ddc
_cUR
_h840.08
_mم ن ا